000 00611nam a2200157Ia 4500
008 220217s9999 xx 000 0 und d
100 _aRajasree, P.R.
245 0 _aStudies on morphological, pathological, molecular variation of Phytophthora isolates and clonal resistance among parental clones and F2 progenies of RRII 105
260 _bMahatma Gandhi University
_a Kottayam
_c2005
300 _a70
500 _aAvailable in Pathology
500 _aCourse: M.Sc.
700 _aDr Annakutty Joseph and Dr Shaji Philip
850 _aSchool of Biosciences, Mahatama Gandhi University, Kottayam
942 _cTS
999 _c74258
_d74258